Spievanky a hádanky

Bibliographic Details
Other Authors: Ďuríčková, Mária, 1919-2004 (Compiler), Končeková-Veselá, Ľuba, 1942- (Illustrator)
Format: Book
Language:Slovak
PhysicalDescription:59 s. fareb. ilustr., noty 17 cm
Published: Bratislava Buvik 2001
ISBN:8089028004
Edition:4. vyd.
Subjects:

MARC

LEADER 00000nam a2200000 a 4500
001 vtls001423763
003 SK-MaSNL
005 20260302001726.0
008 201120s2001 xo ag r 0 slo
015 |a SNBA2002/03-01013 
020 |a 8089028004 
035 |a SNK000378640 
040 |a SNK  |b slo  |c SNK  |e AACR2 
041 0 |a slo 
044 |a xo  |c SK 
080 |a 398(=854)(087.5)  |2 1981 
245 1 |a Spievanky a hádanky  |c [pesničky, hádanky, povedačky, prekáranky a vyčítanky z ľudovej slovesnosti pre najmenšie deti vybrala Mária Ďuríčková ; ilustrovala Ľuba Končeková-Veselá] 
250 |a 4. vyd. 
260 |a Bratislava  |b Buvik  |c 2001 
300 |a 59 s.  |b fareb. ilustr., noty  |c 17 cm 
500 |a Rozlož. ilustr. tit. strana, ilustr. na front. a predsádkach 
650 0 7 |a hádanky  |x knihy pre deti  |2 SNK  |9 282407 
650 0 7 |a detské piesne  |2 SNK  |9 3415 
655 7 |a príručky  |2 SNK  |9 74364 
700 1 |a Ďuríčková, Mária,  |d 1919-2004  |4 com  |9 200338 
700 1 |a Končeková-Veselá, Ľuba,  |d 1942-  |4 ill  |9 219100 
919 |a 80-89028-00-4 
958 |a TL 
958 |a DB 
999 |c 985017  |d 986947 
952 |t P60, <03>, [BOOK], {603}  |a SNK  |b SNK  |y PREZ  |7 0  |p 17A0322016  |o snkSD 71877  |i snkKSP 12765/2001  |0 0  |1 0  |4 0  |d 2001-11-09  |l 0  |r 2005-01-02 00:00:00  |w 2026-02-24 
952 |t P60, <04>, [BOOK], {604}  |a SNK  |b SNK  |y VYP  |7 0  |p 17A0322017  |o snkSD 71877 D1  |i snkKSP 12766/2001  |0 0  |1 0  |4 0  |d 2001-11-09  |l 0  |r 2005-01-02 00:00:00  |w 2026-02-24